Aerophotography and aerosurveying, (Record no. 544130)

000 -LEADER
fixed length control field 00628cam a22001811 4500
082 ## - DEWEY DECIMAL CLASSIFICATION NUMBER
Classification number 526.982
Author Mark BAG
-- L-16, P-1
100 1# - MAIN ENTRY--PERSONAL NAME
Personal name Bagley, James Warren,
9 (RLIN) 39684
245 10 - TITLE STATEMENT
Title Aerophotography and aerosurveying,
Statement of responsibility, etc. by James W. Bagley ...
250 ## - EDITION STATEMENT
Edition statement 1st ed.
260 ## - PUBLICATION, DISTRIBUTION, ETC.
Place of publication, distribution, etc. New York,
-- London,
Name of publisher, distributor, etc. McGraw-Hill Book Company, inc.,
Date of publication, distribution, etc. 1941.
300 ## - PHYSICAL DESCRIPTION
Extent x, 324 p. incl. illus., tables, diagrs.
Dimensions 24 cm.
526 ## - STUDY PROGRAM INFORMATION NOTE
Program name 0
Interest level 0
Reading level 0
Title point value 526_982000000000000_BAG
650 #0 - SUBJECT ADDED ENTRY--TOPICAL TERM
Topical term or geographic name entry element Aerial photography.
9 (RLIN) 20851
650 #0 - SUBJECT ADDED ENTRY--TOPICAL TERM
Topical term or geographic name entry element MCE
9 (RLIN) 379
650 #0 - SUBJECT ADDED ENTRY--TOPICAL TERM
Topical term or geographic name entry element Photographic surveying.
9 (RLIN) 39685
650 #0 - SUBJECT ADDED ENTRY--TOPICAL TERM
Topical term or geographic name entry element Photography
General subdivision Equipment and supplies.
9 (RLIN) 39686
942 ## - ADDED ENTRY ELEMENTS (KOHA)
Source of classification or shelving scheme
Koha item type Book
Holdings
Withdrawn status Lost status Source of classification or shelving scheme Damaged status Not for loan Permanent Location Current Location Date acquired Total Checkouts Full call number Barcode Date last seen Price effective from Koha item type
          Military College of Engineering (MCE) Military College of Engineering (MCE) 04/11/2014   526.982 BAG MCE-30483 04/11/2014 04/11/2014 Book
© 2023 Central Library, National University of Sciences and Technology. All Rights Reserved.